00827nam a2200181Ia 4500008004100000020001800041041001200059082001100071100001500082245006300097260004800160300000800208650001500216942000700231999001500238952019600253952019600449221030s9999 xx 000 0 und d a9788131806975 aEnglish a105.23 aS. K. Garg 0aWorkshop Technology - Manufacturing Processcby S. K. Garg bUniversities Science PressaNew Delhic2009 a542 aMechanical cBK c8966d8966 pBE 10632g325.00i80l0o105.23 eDurga Books, Amritsarr2024-06-13 00:00:00w2022-10-30yBK003Print4071aMIETLIBbMIETLIBcBL-Academic Block B, FL-1, CUP-71, SH-5, R-5d2010-03-1110HBE pBE 10633g325.00i80l0o105.23 eDurga Books, Amritsarr2024-06-13 00:00:00w2022-10-30yBK003Print4070aMIETLIBbMIETLIBcBL-Academic Block A, FL-1, CUP-52, SH-4, R-4d2010-03-1110HBE